[Event "Aragon-chT Preferente"]
[Site "Spain"]
[Date "2010.02.13"]
[Round "4.8"]
[White "Aguilar Munoz, Victor"]
[Black "Valiente Gimenez, Jose Luis"]
[Result "1/2-1/2"]
[WhiteElo "1895"]
[BlackElo "2128"]
[PlyCount "122"]
[EventDate "2010.01.23"]
[EventType "team-swiss"]
[EventRounds "12"]
[EventCountry "ESP"]
[SourceTitle "EXT 2013"]
[Source "ChessBase"]
[SourceDate "2012.11.22"]
[SourceVersion "1"]
[SourceVersionDate "2012.11.22"]
[SourceQuality "1"]
[WhiteTeam "IberCaja VI"]
[BlackTeam "Agrupacion"]
[WhiteTeamCountry "ESP"]
[BlackTeamCountry "ESP"]

1. c4 Nf6 2. Nc3 e5 3. Nf3 Nc6 4. d4 exd4 5. Nxd4 Bc5 6. e3 0-0 7. Be2 d6 8. 0-0 a6 9. b3 Re8 10. Nxc6 bxc6 11. Qc2 Bg4 12. Bb2 Qd7 13. Rad1 Bxe2 14. Qxe2 Ng4 15. Qf3 Nxe3 16. Ne4 Rxe4 17. Qxe4 Nxf1 18. Kxf1 Re8 19. Qf3 Qe6 20. Bc3 f6 21. Re1 Qd7 22. Rxe8+ Qxe8 23. g4 Qf7 24. h3 d5 25. b4 Be7 26. c5 a5 27. a3 axb4 28. axb4 Qe6 29. Qd3 Qe4 30. Qxe4 dxe4 31. Ke2 Kf7 32. Ke3 Ke6 33. Kxe4 g6 34. f3 f5+ 35. Ke3 Kd5 36. Kd3 Bg5 37. Be1 Bf4 38. Bf2 Be5 39. Be1 Ke6 40. Kc4 Kf6 41. Bh4+ g5 42. Be1 Bb2 43. Kd3 Ke6 44. Bg3 Be5 45. Be1 Bh2 46. Bd2 h6 47. Be3 Be5 48. Bd2 Bg3 49. Be3 Be5 50. Bd2 Kf7 51. Kc4 Bb2 52. Kd3 Kg6 53. Kc4 h5 54. b5 hxg4 55. hxg4 cxb5+ 56. Kxb5 Kf6 57. Kc6 fxg4 58. fxg4 Bd4 59. Ba5 Ke5 60. Bxc7+ Ke4 61. Bd8 Kf4 1/2-1/2